[Event "AUTO-INT-3032"]
[Site "http://www.queenalice.com/game.php?id=1414243"]
[Date "2016.3.20"]
[Round "2"]
[White "alfiere7"]
[Black "daniel0176"]
[Result "0-1"]
[WhiteElo "1697"]
[BlackElo "1641"]

1. d4 d5 2. c4 dxc4 3. e4 b5 4. Nc3 a6 5. b3 cxb3 6. axb3 Bb7 7. Bf4 e6 8. d5
Bb4 9. Qd4 c5 10. Qxg7 Qf6 11. Be5 Bxc3+ 12. Bxc3 Qxc3+ 13. Qxc3 Nf6 14. Qxf6
Rf8 15. Nf3 Nd7 0-1

[Event "AUTO-INT-3032"]
[Site "http://www.queenalice.com/game.php?id=1414244"]
[Date "2016.3.20"]
[Round "2"]
[White "daniel0176"]
[Black "alfiere7"]
[Result "1-0"]
[WhiteElo "1659"]
[BlackElo "1679"]

1. e4 e5 2. Bc4 Nf6 3. d3 Bc5 4. Qe2 c6 5. Be3 Bxe3 6. Qxe3 d5 7. Bb3 O-O 8.
exd5 cxd5 9. h3 Nc6 10. Nf3 e4 11. dxe4 dxe4 12. Ng5 b6 13. Nxf7 Rxf7 14. Bxf7+
Kxf7 15. O-O Bf5 16. Nc3 1-0

[Event "AUTO-INT-3032"]
[Site "http://www.queenalice.com/game.php?id=1414245"]
[Date "2016.3.20"]
[Round "2"]
[White "alfiere7"]
[Black "BOTAFOGONISSO"]
[Result "0-1"]
[WhiteElo "1735"]
[BlackElo "1639"]

1. d4 d5 2. c4 c6 3. Nf3 dxc4 4. e3 Be6 5. a4 a5 6. Nbd2 Bg4 7. Bxc4 e6 8. h3
Bh5 9. O-O Nd7 10. Qb3 b6 11. g4 Bg6 12. Nh4 Qxh4 13. Kh2 Ngf6 14. Nf3 Nxg4+ 15.
Kg2 Be4 16. Be2 Ngf6 17. Rh1 Bxf3+ 18. Bxf3 Ne4 19. Bxe4 Qxe4+ 20. f3 Qg6+ 21.
Kf2 Bd6 0-1

[Event "AUTO-INT-3032"]
[Site "http://www.queenalice.com/game.php?id=1414246"]
[Date "2016.3.20"]
[Round "2"]
[White "BOTAFOGONISSO"]
[Black "alfiere7"]
[Result "1-0"]
[WhiteElo "1659"]
[BlackElo "1715"]

1. e4 e5 2. Nf3 Nc6 3. Bb5 a6 4. Bxc6 dxc6 5. Nxe5 Qd4 6. f4 Qxe4+ 7. Qe2 Qxe2+
8. Kxe2 Nf6 9. Re1 Bd6 10. Kf1 O-O 11. d3 Nd5 12. Bd2 f6 13. Ng4 Bxg4 14. a3
Bxf4 15. Bxf4 Nxf4 16. Re4 g5 17. h4 Rae8 18. hxg5 fxg5 19. Rxe8 Rxe8 20. Nc3
Rf8 21. Kg1 Ne2+ 22. Nxe2 Bxe2 23. Re1 Bh5 24. c4 b5 25. c5 1-0

[Event "AUTO-INT-3040"]
[Site "http://www.queenalice.com/game.php?id=1414617"]
[Date "2016.3.23"]
[Round "2"]
[White "alfiere7"]
[Black "Sirius"]
[Result "1-0"]
[WhiteElo "1633"]
[BlackElo "1650"]

1. d4 d5 2. c4 c6 3. Nf3 Qa5+ 4. Nc3 dxc4 5. e4 b5 6. Bd2 Qb6 7. a4 b4 8. Na2 b3
9. Nc3 Ba6 10. Be3 e6 11. d5 c5 12. Nd2 exd5 13. exd5 Qg6 14. g3 Nd7 15. Bxc4
Bxc4 16. Nxc4 Rb8 17. Na5 Qc2 18. Rb1 Ne5 19. O-O Qxd1 20. Rfxd1 Nf6 21. d6 c4
22. Bxa7 Ra8 23. Nb5 Kd7 24. Bb6 Ne4 25. Rd4 Bxd6 26. Rxe4 Rxa5 27. Bxa5 f5 28.
Re2 Re8 29. Kg2 Ra8 30. Nxd6 Rxa5 31. Nxf5 g6 32. Rd1+ Ke6 33. Nd6 Rxa4 34. f4
Ra6 35. Nxc4 Rc6 36. Nxe5 Kf5 37. Nf7 Rc2 38. Rxc2 bxc2 39. Rc1 Kf6 40. Ng5 h6
41. Nh3 Kf5 42. g4+ Kxg4 43. Rxc2 h5 44. Rc5 1-0

[Event "AUTO-INT-3040"]
[Site "http://www.queenalice.com/game.php?id=1414618"]
[Date "2016.3.23"]
[Round "2"]
[White "Sirius"]
[Black "alfiere7"]
[Result "1-0"]
[WhiteElo "1687"]
[BlackElo "1631"]

1. e4 c5 2. d4 cxd4 3. Qxd4 Nc6 4. Qc3 e5 5. Nf3 Bb4 6. Bc4 Bxc3+ 7. bxc3 Nf6 8.
Bg5 O-O 9. O-O h6 10. Bxf6 Qxf6 11. Bd5 d6 12. c4 Bd7 13. Nbd2 Qg6 14. Nh4 Qg4
15. Ndf3 Kh8 16. h3 Qf4 17. g3 Qf6 18. Kg2 g5 19. Nf5 Bxf5 20. exf5 Qxf5 21. c3
h5 22. h4 gxh4 23. Nxh4 Qg5 24. Nf3 Qf5 25. Rh1 Rg8 26. Nh4 Qf6 27. Rab1 Rab8
28. Nf3 Na5 29. Rxh5+ Kg7 30. Rg5+ Kh6 31. Rh1# 1-0

[Event "AUTO-INT-3040"]
[Site "http://www.queenalice.com/game.php?id=1414619"]
[Date "2016.3.23"]
[Round "2"]
[White "alfiere7"]
[Black "renatomfelipe"]
[Result "0-1"]
[WhiteElo "1698"]
[BlackElo "1922"]

1. e4 e6 2. d4 b6 3. Nf3 Bb7 4. d5 exd5 5. exd5 Bb4+ 6. Bd2 Bxd2+ 7. Qxd2 Ne7 8.
Nc3 d6 9. O-O-O Nd7 10. Bb5 a6 11. Be2 Nf6 12. Ng5 h6 13. Nge4 Nxe4 14. Nxe4 Qd7
15. Bf3 f5 16. Nc3 O-O-O 17. Qd4 g5 18. h3 f4 19. Qe4 Rde8 20. Rhe1 Kb8 21. Bg4
Qd8 22. Qe6 Nc8 23. Qd7 Rxe1 24. Rxe1 Qxd7 25. Bxd7 Na7 26. Re8+ Rxe8 27. Bxe8
Nc8 0-1

[Event "AUTO-INT-3040"]
[Site "http://www.queenalice.com/game.php?id=1414620"]
[Date "2016.3.23"]
[Round "2"]
[White "renatomfelipe"]
[Black "alfiere7"]
[Result "1-0"]
[WhiteElo "1929"]
[BlackElo "1691"]

1. e4 e5 2. Nf3 Nc6 3. Nc3 Nf6 4. d3 Bb4 5. Bd2 O-O 6. a3 Ba5 7. b4 Bb6 8. Na4
Bd4 9. c3 Bb6 10. Nxb6 axb6 11. b5 Ne7 12. a4 d6 13. Be2 h6 14. h3 c6 15. c4 d5
16. cxd5 cxd5 17. exd5 Qxd5 18. Be3 Qd6 19. d4 exd4 20. Qxd4 Qxd4 21. Bxd4 Ned5
22. O-O Bf5 23. Bxf6 Nxf6 24. Ra3 Ra5 25. Rc1 Rfa8 26. Bd1 Rxb5 27. axb5 Rxa3
28. Nd4 1-0

[Event "Challenge"]
[Site "http://www.queenalice.com/game.php?id=1414975"]
[Date "2016.3.25"]
[Round "-"]
[White "alfiere7"]
[Black "Bategoll"]
[Result "0-1"]
[WhiteElo "1600"]
[BlackElo "1823"]

1. d4 d5 2. c4 dxc4 3. e4 e5 4. d5 Nf6 5. Nc3 Bb4 6. Bg5 Bxc3+ 7. bxc3 h6 8.
Bxf6 Qxf6 9. Bxc4 O-O 10. Nf3 Bg4 11. Be2 Nd7 12. h3 Bxf3 13. Bxf3 Nb6 14. Qd3
Rfd8 15. O-O c6 16. c4 cxd5 17. cxd5 Rd6 18. Rac1 Qg6 19. Rfd1 Rad8 20. Rc7 R6d7
21. Rxd7 Rxd7 22. g3 Qf6 23. Bg2 Qd6 24. Rf1 f6 25. f4 exf4 26. Rxf4 Qe5 27. Rf5
Qa1+ 28. Kh2 Qxa2 29. e5 Nxd5 30. exf6 Nxf6 31. Qf3 Qf7 32. Rb5 b6 33. Qa8+ Kh7
34. Be4+ Nxe4 35. Qxe4+ g6 36. h4 Rd2+ 37. Kh3 Qd7+ 38. g4 Rd4 39. Qe2 Rd2 40.
Qe4 Rd3+ 41. Kh2 Qd6+ 42. Kh1 Rd1+ 43. Kg2 Qd2+ 44. Kg3 Rg1+ 45. Kf3 Qg2+ 46.
Ke3 Re1+ 0-1

[Event "Challenge"]
[Site "http://www.queenalice.com/game.php?id=1419565"]
[Date "2016.4.23"]
[Round "-"]
[White "alfieresabaudo"]
[Black "alfiere7"]
[Result "1-0"]
[WhiteElo "1700"]
[BlackElo "1593"]

1. d4 d5 2. c4 c6 3. Nf3 Nf6 4. Nc3 Bf5 5. Bg5 e6 6. Nh4 Bb4 7. Nxf5 exf5 8. Qb3
Na6 9. e3 h6 10. Bf4 Ne4 11. a3 1-0

[Event "Challenge"]
[Site "http://www.queenalice.com/game.php?id=1427704"]
[Date "2016.6.15"]
[Round "-"]
[White "alfiere7"]
[Black "Bategoll"]
[Result "0-1"]
[WhiteElo "1650"]
[BlackElo "1988"]

1. e4 e5 2. Nf3 d6 3. Bc4 Nf6 4. d3 Be7 5. O-O a5 6. Bg5 c6 7. a4 Na6 8. Nbd2
O-O 9. Re1 Be6 10. d4 exd4 11. Nxd4 Bxc4 12. Nxc4 Re8 13. e5 dxe5 14. Nxe5 Nc5
15. c3 Rc8 16. Qe2 Nd5 17. Bd2 Bf6 0-1

[Event "Challenge"]
[Site "http://www.queenalice.com/game.php?id=1432598"]
[Date "2016.7.21"]
[Round "-"]
[White "pedroingles"]
[Black "alfiere7"]
[Result "1-0"]
[WhiteElo "1709"]
[BlackElo "1635"]

1. d4 Nf6 2. c4 e6 3. Nf3 Bb4+ 4. Bd2 Bxd2+ 5. Nbxd2 b6 6. g3 Bb7 7. Bg2 O-O 8.
O-O Re8 9. e3 c5 10. Nb3 d6 11. dxc5 bxc5 12. Qd2 Nbd7 13. Qxd6 Rc8 14. Qd2 1-0

[Event "Challenge"]
[Site "http://www.queenalice.com/game.php?id=1432599"]
[Date "2016.7.21"]
[Round "-"]
[White "alfiere7"]
[Black "pedroingles"]
[Result "0-1"]
[WhiteElo "1622"]
[BlackElo "1722"]

1. e4 e5 2. Nf3 Nf6 3. Nc3 Nc6 4. Bc4 Be7 5. O-O O-O 6. Re1 d6 7. h3 Bd7 8. d4
exd4 9. Nxd4 Re8 10. Nf5 Ne5 11. Bb3 Bxf5 12. exf5 Qd7 13. Nd5 Rac8 0-1